Lepšia nadnárodná spolupráca prináša väčšiu súdržnosť Európy

V rámci cieľa zintenzívniť európsku územnú spoluprácu Európsky fond regionálneho rozvoja (EFRR) v programovom období 2014 až 2020 podporí cezhraničnú a nadnárodnú spoluprácu aj na Slovensku.

Na minha lista:
Detalhes bibliográficos
Autor principal: Neupauerová, Zuzana
Formato: Capítulo de Livro
Idioma:eslovaco
Assuntos:
Tags: Adicionar Tag
Sem tags, seja o primeiro a adicionar uma tag!

MARC

LEADER 00000naa a2200000 4500
001 0184992
005 20240502073154.0
041 0 |a slo 
044 |a SK 
245 1 0 |a Lepšia nadnárodná spolupráca prináša väčšiu súdržnosť Európy  |c Zuzana Neupauerová 
520 |a V rámci cieľa zintenzívniť európsku územnú spoluprácu Európsky fond regionálneho rozvoja (EFRR) v programovom období 2014 až 2020 podporí cezhraničnú a nadnárodnú spoluprácu aj na Slovensku. 
610 2 0 |a Slovensko 
610 2 0 |a Európska únia 
610 2 0 |a fondy Európskej únie 
610 2 0 |a euroregióny 
610 2 0 |a spolupráca cezhraničná 
610 2 0 |a spolupráca medzinárodná 
100 1 |a Neupauerová, Zuzana